| 000 -LEADER |
| fixed length control field |
00420nam a2200145 4500 |
| 003 - CONTROL NUMBER IDENTIFIER |
| control field |
OSt |
| 005 - DATE AND TIME OF LATEST TRANSACTION |
| control field |
20210623125755.0 |
| 008 - FIXED-LENGTH DATA ELEMENTS--GENERAL INFORMATION |
| fixed length control field |
210623b ||||| |||| 00| 0 eng d |
| 020 ## - INTERNATIONAL STANDARD BOOK NUMBER |
| International Standard Book Number |
9781118978818 |
| 082 ## - DEWEY DECIMAL CLASSIFICATION NUMBER |
| Classification number |
006.68 |
| Item number |
ALE |
| 100 ## - MAIN ENTRY--PERSONAL NAME |
| Personal name |
Alexander C. Schreyer |
| 245 ## - TITLE STATEMENT |
| Title |
Architectural design with sketchup : components-based modeling, plugins, rendering and scripting |
| 260 ## - PUBLICATION, DISTRIBUTION, ETC. (IMPRINT) |
| Place of publication, distribution, etc |
New jersey |
| Name of publisher, distributor, etc |
Wiley |
| Date of publication, distribution, etc |
2016 |
| 942 ## - ADDED ENTRY ELEMENTS (KOHA) |
| Source of classification or shelving scheme |
|